000 00412nam a2200145Ia 4500
008 100204s9999 xx 000 0 und d
082 _b6130
100 _aलागू चिंतामणी
245 _aमाणूस
260 _b"उदयदीप प्रकाशन , मुंबई"
_c1983
300 _a187
630 _aमाणूस
730 _aमाणूस
942 _cBOOK
999 _c450621
_d450618